000 00571nam a2200229Ia 4500
003 OSt
005 20220918192815.0
006 a|||||r|||| 00| 0
007 ta
008 220917b |||||||| |||| 00| 0 eng d
024 _a70,424
037 _cTextual
040 _aARTS
_cARTS
_beng
041 _2eng
_aeng
082 _aR3M3, L4
100 _aMunitz Milton K
_976422
245 0 _aExistence and logic
260 _aN.Y
_bUniv Press
_c1974
300 _a221p.
_ccm.
942 _hR3M3, L4
_cTEXL
_2CC
999 _c196522
_d196522